Countries with French as an official language - Statistics

General Stats
  • This quiz has been taken 45 times
  • The average score is 25 of 29
Answer Stats
Picture Answer % Correct
Belgium
95%
France
95%
Luxembourg
95%
Rwanda
95%
Canada
93%
Chad
93%
Côte d'Ivoire
93%
DR Congo
93%
Niger
93%
Republic of the Congo
93%
Senegal
93%
Seychelles
93%
Switzerland
93%
Burkina Faso
90%
Burundi
90%
Guinea
90%
Togo
90%
Central African Republic
88%
Monaco
88%
Benin
85%
Cameroon
85%
Gabon
85%
Haiti
85%
Comoros
83%
Mali
83%
Djibouti
78%
Madagascar
78%
Equatorial Guinea
76%
Vanuatu
54%
No matching quizzes found
Score Distribution
Percent of People with Each Score
Percentile by Number Answered
Your Score History
You have not taken this quiz